• 首页
  • 本馆介绍
  • 公告通知
  • 最新文献
  • 馆藏检索
  • 电子资源
  • 读者导购
  • 参考咨询
  • 我的图书馆
  • 登录
  • 详细信息显示
  • 放入我的书架
  • 预约/预借图书
  • 作者相关作品
  • 分类相关作品
  • 丛书相关作品
  • 出版社相关作品

书目信息

  • 表格格式
  • 工作单格式
  • 卡片格式
题名:
新编穴道按摩保健小百科
    
 
作者: 王印 编著
分册:  
出版信息: 北京   蓝天出版社  2004
页数: 11,311页
开本: 20cm
丛书名:
单 册:
中图分类: R245.9
科图分类:
主题词: 穴位按压疗法
电子资源:
ISBN: 7-80158-336-1
000 00727nam0 2200217 450
001 TS-050047
005 20070117083559.04
010    @a7-80158-336-1@dCNY19.80
100    @a20060829d2004 em y0chiy0110 ea
101 0  @achi
102    @aCN@b110000
105    @aa z 000yy
200 1  @a新编穴道按摩保健小百科@Axin bian xue dao an mo bao jian xiao bai ke@f王印编著
210    @a北京@c蓝天出版社@d2004
215    @a11,311页@c图@d20cm
330    @a本书结合大量图例,运用通俗的文字详细介绍了如何准确地寻找穴位及其按摩方法与技巧,并解读穴位按摩对何种疾病有治疗作用。
606 0  @a穴位按压疗法
690    @aR245.9@v4
701  0 @a王印@Awang yin@c(医学专家)@4编著
801  0 @aCN@b中图数据@c20070117
905    @a10447@dR245.9@e204
    
    新编穴道按摩保健小百科/王印编著.-北京:蓝天出版社,2004
    11,311页:图;20cm
    
    
    ISBN 7-80158-336-1:CNY19.80
    本书结合大量图例,运用通俗的文字详细介绍了如何准确地寻找穴位及其按摩方法与技巧,并解读穴位按摩对何种疾病有治疗作用。
●
相关链接 在E读中查询图书 在五车中查询图书 在当当中查询图书 在豆瓣中查询图书


正题名:新编穴道按摩保健小百科     索取号:R245.9/204         预约/预借

序号 登录号 条形码 馆藏地/架位号 状态 备注
1 0612134   206121347   第二样本阅览室/ [索取号:R245.9/204] 在馆    
2 0612135   206121356   第三借阅区/ [索取号:R245.9/204] 在馆    
3 0612136   206121365   第三借阅区/ [索取号:R245.9/204] 在馆    
唐山师范学院图书馆 欢迎您!
大连网信软件有限公司© 版权所有